Täter - Opfer - Ausgleich in den Ländern Brandenburg und Sachsen-Anhalt: Zwischenbericht zur Begleitforschung zum Täter - Opfer - Ausgleich in den neuen Bundesländern; Vergleich der unterschiedlichen Modelle des Täter - Opfer - Ausgleichs in den Ländern Brandenburg und Sachsen-Anhalt

Gespeichert in:  
Bibliographische Detailangaben
Beteiligte: Gutsche, Günter (BeteiligteR)
Medienart: Druck Buch
Sprache:Deutsch
Veröffentlicht: Potsdam Gesellschaft für Praxisorientierte Kriminalitätsforschung 1998
In:Jahr: 1998
Verfügbarkeit prüfen: HBZ Gateway
Subito Bestelldienst: Jetzt bestellen.

MARC

LEADER 00000cam a2200000 c 4500
001 1343415667
003 DE-627
005 20220527122752.0
007 tu
008 071024s1998 xx ||||| 00| ||ger c
035 |a (DE-627)1343415667 
035 |a (DE-576)273415662 
035 |a (DE-599)BSZ273415662 
040 |a DE-627  |b ger  |c DE-627  |e rakwb 
041 |a ger 
245 0 0 |a Täter - Opfer - Ausgleich in den Ländern Brandenburg und Sachsen-Anhalt  |b Zwischenbericht zur Begleitforschung zum Täter - Opfer - Ausgleich in den neuen Bundesländern; Vergleich der unterschiedlichen Modelle des Täter - Opfer - Ausgleichs in den Ländern Brandenburg und Sachsen-Anhalt  |c Günter Gutsche ... 
264 1 |a Potsdam  |b Gesellschaft für Praxisorientierte Kriminalitätsforschung  |c 1998 
300 |a 59 S. 
336 |a Text  |b txt  |2 rdacontent 
337 |a ohne Hilfsmittel zu benutzen  |b n  |2 rdamedia 
338 |a Band  |b nc  |2 rdacarrier 
583 1 |a Archivierung prüfen  |c 20200919  |f DE-640  |z 1  |2 pdager 
700 1 |a Gutsche, Günter  |4 oth 
935 |a mkri 
951 |a BO 
ELC |b 1 
LOK |0 000 xxxxxcx a22 zn 4500 
LOK |0 001 2554088314 
LOK |0 003 DE-627 
LOK |0 004 1343415667 
LOK |0 005 20071024141237 
LOK |0 008 071024||||||||||||||||ger||||||| 
LOK |0 040   |a DE-Frei85  |c DE-627  |d DE-Frei85 
LOK |0 852   |a DE-Frei85 
LOK |0 852 1  |m p  |9 00 
LOK |0 938   |k p 
LOK |0 939   |a 24-10-07  |b l01 
ORI |a SA-MARC-krimdoka001.raw